01887nam a2200409 a 4500001001000000003000900010005001700019007000300036008003800039020001800077040003000095049000600125082003000131100004500161245015900206260000600365264009500371300004100466336002700507337003300534338002800567500007400595500003400669500008500703504004100788505014500829590002500974600010100999651005301100651005001153700004501203700003701248910003901285942001201324952012401336999001701460000003242DO-SdBPM20260213115500.0ta090707s2008 dr c 001 0 spa d a9789993427124 aDO-SdBPMbspacBPMSUdrda a  4a972.93054bR696a 20082221 aRodríguez Demorizi, Emilio,d1908-198610aArchivos de Ramfis Trujillo :blos sucesos entre 1965 y 1969 /cEmilio Rodríguez Demorizi ; editor Bernardo Vega ; prólogo Clara Rodríguez Demorizi. c  aSanto Domingo :bFundación Rodríguez Demorizi :bFundación Cultura Dominicana,c2008 a131 páginas :bretratos. ;c23 cm. atextobtxt2rdacontent asin mediaciónbn2rdamedia avolumenbnc2rdacarrier aIncluye referencias bibliográficas y notas al pie de las páginas aIncluye índice onomástico aIncluye datos biográficos del autor y del editor en las solapas de la cubierta aBibliografía : páginas 117 - 1222 aLa guerra civíl de 1965 -- La campaña electoral y la victoria de Joaquín Balaguer en 1966 -- Los problemas familiares de los Trujillo. aInventariado, 2026/M17aTrujillo Martínez, Rafael Leónidas , c(Ramfis),d1929-1969vCorrespondencias, memorias, etc 7aRepública DominicanaxHistoriay1961-xFuentes 7aRepública DominicanaxPolítica y gobierno1 aRodríguez Demorizi, Clara,eprólogo 1 aVega, Bernardo,d1938 -eeditor  aVMateo V. Control de calidad BPMSU 2ddccBK 00102ddc708CDaBPMETbBPMETd2026-02-13l0oBPMSU CD 972.93054 R696a 2008pBPMSU26020093r2026-02-13w2026-02-13yBK c15694d15694